000 00644nam a2200241 i 4500
001 C2-0275212
003 PPAK
005 20180728004044.0
008 061016s2002 ohu |||| ||||| | eng d
020 _a0814209165
040 _aPPAK
_beng
_cPPAK
_erda
082 0 4 _a813.124
_223
090 0 0 _a813.124
_bSEY
_dLCK
100 1 _aSeyburn, Patty,
_eauthor
245 1 0 _aMechanical cluster
264 1 _aColumbus :
_bThe Ohio State University Press ,
_c2002
300 _a106 pages ;
_c24 cm
336 _2rdacontent
_atext
337 _2rdamedia
_aunmediated
338 _2rdacarrier
_avolume
650 1 0 _aEnglish poetry.
942 _ddc
_cB
999 _c82899
_d82899